02617cam a22004218i 450000100090000000300040000900500170001300600190003000700150004900800410006401000170010502000180012204000230014004200080016305000120017108200200018310000410020324500490024425000190029326300090031226400500032130000140037150400510038552004150043658801030085165000240095465000160097877601580099494200460115295201400119895201400133895201400147895201400161895201400175895201400189895201400203899900170217821240978OSt20250610103146.0m |o d | cr |||||||||||191010s2021 nyu job 001 0 eng  a 2019046437 a9789355324948 aDLCbengcDLCerda apcc00aHD30.2800a658.4012bROT/S1 aRothaermel, Frank T.eauthor.91052810aStrategic management /cFrank T. Rothaermel. aFifth edition. a2001 1aNew York, NY :bMcGraw-Hill Education,c2021. a544 pages aIncludes bibliographical references and index. a"Strategic Management brings conceptual frameworks to life via examples that cover products and services from companies with which students are familiar, such as Facebook, Google, Tesla, Starbucks, Apple, McDonald's, Disney, Airbnb, and Uber. Liberal use of such examples aids in making strategy relevant to students' lives and helps them internalize strategy concepts and frameworks"--cProvided by publisher. aDescription based on print version record and CIP data provided by publisher; resource not viewed. 0aStrategic planning. 0aManagement.08iPrint version:aRothaermel, Frank T..tStrategic managementbFifth edition.dNew York, NY : McGraw-Hill Education, 2021.z9781264103799w(DLC) 2019046436 2ddccBKh658.4012iROT/Sk658.4012mROT/S 00102ddc40708MANAGEMENTaMESbMEScMANAGEMENTd2025-06-10l0o658.4012 ROT/Sp45810r2025-06-10 10:30:47t1w2025-06-10yBKzGL55R2 00102ddc40708MANAGEMENTaMESbMEScMANAGEMENTd2025-06-10l0o658.4012 ROT/Sp45811r2025-06-10 10:30:47t2w2025-06-10yBKzGL55R2 00102ddc40708MANAGEMENTaMESbMEScMANAGEMENTd2025-06-10l0o658.4012 ROT/Sp45812r2025-06-10 10:30:47t3w2025-06-10yBKzGL55R2 00102ddc40708MANAGEMENTaMESbMEScMANAGEMENTd2025-06-10l0o658.4012 ROT/Sp45813r2025-06-10 10:30:47t4w2025-06-10yBKzGL55R2 00102ddc40708MANAGEMENTaMESbMEScMANAGEMENTd2025-06-10l0o658.4012 ROT/Sp45814r2025-06-10 10:30:47t5w2025-06-10yBKzGL55R2 00102ddc40708MANAGEMENTaMESbMEScMANAGEMENTd2025-06-10l0o658.4012 ROT/Sp45815r2025-06-10 10:30:47t6w2025-06-10yBKzGL55R2 00102ddc40708MANAGEMENTaMESbMEScMANAGEMENTd2025-06-10l0o658.4012 ROT/Sp45816r2025-06-10 10:30:47t7w2025-06-10yBKzGL55R2 c44492d44492